Metódy komplexného hodnotenia akosti zdravotníckej techniky kandidátska dizertačná práca

Salvato in:
Dettagli Bibliografici
Autore principale: Miklovič, Jozef
Ente Autore: Vysoká škola ekonomická v Bratislave
Altri autori: Repka, Ján
Natura: Libro
Lingua:slovacco
Pubblicazione: Bratislava 1989
Soggetti:
Tags: Aggiungi Tag
Nessun Tag, puoi essere il primo ad aggiungerne!!

MARC

LEADER 00000nam a2200000 4500
001 c002703
005 20240417122938.7
041 0 |a slo 
044 |a SK 
245 1 0 |a Metódy komplexného hodnotenia akosti zdravotníckej techniky  |b kandidátska dizertačná práca  |c Jozef Miklovič ; Škol. Ján Repka 
264 1 |a Bratislava  |c 1989 
300 |a 145 s. 
610 2 0 |a kvalita výrobkov 
610 2 0 |a riadenie kvality 
610 2 0 |a technika zdravotnícka 
610 2 0 |a kvalimetria 
100 1 |a Miklovič, Jozef 
700 1 |a Repka, Ján 
710 2 |a Vysoká škola ekonomická v Bratislave